Paesi più vicini al Kosovo - sprint di un minuto - Statistics

Statistiche generali
  • Questo quiz è stato fatto 35 volte
  • Il punteggio medio è 15 su 20
Statistiche sulle risposte
km nazione % Corretto
0 Macedonia del Nord
100%
114 Grecia
97%
253 Italia
94%
0 Serbia
94%
0 Albania
91%
128 Croazia
91%
0 Montenegro
91%
156 Romania
91%
96 Bosnia ed Erzegovina
88%
54 Bulgaria
85%
478 Slovenia
82%
318 Ungheria
79%
525 Austria
62%
601 Moldavia
59%
527 Slovacchia
59%
389 Turchia
59%
547 Ucraina
44%
628 Città del Vaticano
41%
622 San Marino
41%
658 Polonia
38%
Nessun quiz corrispondente trovato
Distribuzione punteggi
Percentuale di utenti per punteggio
Percentile per numero di risposta
I tuoi punteggi nel tempo
Non hai fatto questo quiz